000
00288nam a2200121Ia 4500
005
20251222155155.0
008
251222s9999||||xx |||||||||||||| ||spa||
082
_a
NUT. 17
100
_a
IPSS.
245
0
_a
Protocolo de Alimentación Complement.al Niño
264
_b
IPSS
942
_c
LIB
999
_c
39727
_d
39727